000 00631nam a2200229Ia 4500
003 OSt
005 20220923230745.0
006 a|||||r|||| 00| 0
007 ta
008 Pun
024 _a305,323
037 _cTextual
040 _aARTS
_cARTS
_bPun
041 _2Pun
_aPun
082 _aV235:1.L5, 153M6;N3.1
100 _aਲਤੀਫ, ਮੁੰਹਮਦ
_9156291
245 0 _aਪੰਜਾਬ ਦਾ ਇਤਿਹਾਸ
260 _c1993
650 _aਭਾਰਤੀਯ ਇਤਿਹਾਸ
942 _hV235:1.L5, 153M6;N3.1
_cTEXL
_2CC
999 _c387126
_d387126